00684cam a2200193Ii 450000500170000000800410001702000180005803500210007604000450009704100080014224500850015024600330023526000630026830000400033165000350037165000390040665000180044570000270046320180111153306.0180111s2017 xxu r 000 0 eng d a9780190845773 a(OCoLC)987991828 aCO-BoUCMcSandra PalaciodSandra Palacio1 aeng04aThe Oxford handbook ofceditado por Harold Kincaidbphilosophy of social science3 aPhilosophy of social science aNueva York (Estados Unidos)bOxford University Pressc2017 axviii, 657 páginasbilustraciones17aCiencias socialesxFilosofía27aCiencias socialesxInvestigaciones27aSociología 1 aKincaid, Haroldd1952-